000 00911nam a2200205Ii 4500
003 JO-AjNU
008 230605s9999||||xx |||||||||||||| ||und||
040 _aJO-AjNU
_bara
_erda
_cJO-AjNU
041 _aara
050 1 4 _aBP940.32.K5792 2003
100 3 _aجامعة الشارقة/ندوة دور المؤسسات المصرفية الإسلامية في الإستثمار والتنمية,
_eauthor
_941056
245 0 0 _aكتاب الوقائع: دور المؤسسات المصرفية الإسلامية في الإستثمار والتنمية، ج1
264 3 1 _aالشارقة: جامعة الشارقة، 2003
300 _aج1، 657ص
336 _atext
_btxt
_2rdacontent
337 _aunmediated
_bn
_2rdamedia
338 _avolume
_bnc
_2rdacarrier
490 0 _aالنشر العلمي
650 4 _aالبنوك الاسلامية- الاقتصاد الاسلامي- الاستثمار
_941057
999 _aA17473
_c21041
_d21041